| 000 | 00788nam a2200265 4500 | ||
|---|---|---|---|
| 003 | OSt | ||
| 005 | 20260601171010.0 | ||
| 008 | 260508b1990\\\\enk|||||\||||\00|\0\eng\d | ||
| 020 | _a0408500166 | ||
| 020 | _a978-0408500166 | ||
| 040 |
_cICI _aspa _bICI |
||
| 041 | _aeng | ||
| 050 |
_aNA2750 _bB69 |
||
| 100 | 1 |
_aBailey, Stephen, _eautor _932926 |
|
| 245 | 1 |
_aOffices: _ba briefing and design guide / _cStephen Bailey |
|
| 264 |
_aLondon : _bButterworth Architecture. _c1990 |
||
| 300 |
_a244 páginas : _bilustraciones |
||
| 336 |
_atexto _2rdacontent |
||
| 337 |
_asin medio _2rdamedia |
||
| 338 |
_avolumen _2rdacarrier |
||
| 490 | _aButterworth Architecture Design and Development Guides | ||
| 650 | _aDiseño arquitectónico | ||
| 650 |
_aUrbanismo _9788 |
||
| 942 |
_2lcc _cB _n1 |
||
| 999 |
_c20454 _d20454 |
||